00381cam a2200145ua 45000010005000000080039000050400009000440820008000532450056000612600051001173000012001686530012001806530018001927000025002105971131029n ii |||gr||||Z||||||eng cMAIN a94011aModern Europe : b1815 to 1945 / cBy B.M. Sinha .  aAhmedabad:bPrakashan Kendra,c1986.aLucknow: ax,267p. aHistory aModern Europe1 aSinha,B.M.,eAuthor.